Το τέλος της μικροαστικής ευδαιμονίας : προσέγγιση στην ελληνική πραγματικότητα
Αποθηκεύτηκε σε:
| Κύριος συγγραφέας: | |
|---|---|
| Μορφή: | Βιβλίο |
| Γλώσσα: | Greek |
| Δημοσίευση: |
Αθήνα :
Εξάντας,
1985.
|
| Θέματα: | |
| Ετικέτες: |
Προσθήκη ετικέτας
Δεν υπάρχουν, Καταχωρήστε ετικέτα πρώτοι!
|
MARC
| LEADER | 00000cam a2200000 a 4500 | ||
|---|---|---|---|
| 001 | 1/108684 | ||
| 008 | 150916s1985####gr | ||| |||| ||gre|| | ||
| 040 | |a GR-MyUa |b gre |c GR-MyUa |e AACR2 | ||
| 041 | 0 | |a gre | |
| 082 | 7 | |a 330.9495 |2 (23) | |
| 100 | 1 | |a Γιαχνής, Βαγγέλης, |e aut | |
| 245 | 0 | 0 | |a Το τέλος της μικροαστικής ευδαιμονίας : |b προσέγγιση στην ελληνική πραγματικότητα / |c Βαγγέλης Γιαχνής. |
| 260 | |a Αθήνα : |b Εξάντας, |c 1985. | ||
| 300 | |a 423 σ. : |c 21 εκ. | ||
| 651 | 0 | |a Greece |x Economic conditions. | |
| 852 | |a INST |b CHIOS |e 20150917 |h 330.9495 ΓΙΑ |p 005200034340 |q 005200037373 |t BK |y 0 | ||
| 922 | |a 2ΕΛΗ |b 1987-08 | ||
| 970 | |a Σπέντζα |b Ελένη |z 16-09-2015 | ||